| 000 | 00574nam a2200193 i 4500 | ||
|---|---|---|---|
| 001 | 142926 | ||
| 003 | ES-MaACL | ||
| 005 | 20230906200649.0 | ||
| 007 | t| | ||
| 008 | 071011s1971 sp ||||1| spa d | ||
| 080 | _a92 Aladern, Josep | ||
| 080 | _a849.9-821"18" | ||
| 100 | 1 |
_aAlardern, Josep. _919151 |
|
| 245 | 1 | 0 |
_aCentenari de Josep Alardern (Cosme Vidal i Rosich) 1869-1918 / _cJosep Alarden. |
| 260 |
_aBarcelona : _bPicaso, _c[1971] |
||
| 300 |
_a308 p. : _bil. ; _c21 cm. |
||
| 700 | 1 |
_aVidal i Rosich, Cosme. _9114491 |
|
| 852 |
_aES-MaACL _jC-44715 _bR.80183 |
||
| 999 |
_c142926 _d142926 |
||